Personagens Animados da Disney - Statistics

Estatísticas Gerais
  • Esse quiz foi jogado 29 748 vezes
  • A pontuação média é 21 de 26
Estatísticas das Respostas
Dica Personagem % Correto
Mora com 7 anões Branca de Neve
98%
Se apaixona por uma fera Bela
97%
Boneco que quer ser um menino de verdade Pinóquio
96%
Tem cabelos longos e mora em uma torre Rapunzel
96%
Empregada doméstica que se torna uma princesa Cinderela
95%
Pato com muita personalidade Pato Donald
95%
Princesa de sono longo Bela Adormecida
94%
A Pequena Sereia Ariel
93%
Um elefante que consegue voar Dumbo
92%
Esfregou a lâmpada mágica Aladdin
90%
Rato que começou tudo Mickey Mouse
90%
O rei leão mais jovem Simba
90%
Uma pequena e animada fada voadora Sininho
90%
Seguiu o Coelho Branco Alice
89%
Ela pode congelar objetos com um toque Elsa
85%
Um heroi grego muito forte Hércules
83%
Urso que ama mel Ursinho Pooh
82%
Planeja conseguir um casaco dálmata Cruella DeVil
81%
Menino humano do Livro da Selva Mogli
79%
Menino que não cresce Peter Pan
76%
Sua mãe foi baleada por caçadores de veados Bambi
75%
Removeu uma espada da pedra Rei Artur
70%
Vilão de video game; quer ser heroi Detona Ralph
67%
Cachorro não muito esperto Pateta
58%
Arqui-inimigo do Príncipe João Robin Hood
25%
Foi incriminado em Desenholândia Roger Rabbit
15%
Nenhum quiz correspondente encontrado
Distribuição das Pontuações
Porcentagem de Pessoas com Cada Pontuação
Percentil de Números Respondidos
Sua Pontuação Histórica
Você não jogou esse quiz